| 000 | 00507nam a2200181 a 4500 | ||
|---|---|---|---|
| 005 | 20240601063642.0 | ||
| 008 | 991125s1978 ea 000 0 eng u | ||
| 020 | _a0470265191 | ||
| 035 | _aUPN01000001115 | ||
| 049 | _aCG | ||
| 050 | 4 |
_aLB1051 _bA3.3 |
|
| 245 | 0 | 0 |
_aAdvances in instructional psychology / _ced. Robert Glaser. |
| 260 |
_aHillsdale [E.U.A.] : _bLawrence Erlbaum Association, _c1978. |
||
| 300 | _av. | ||
| 650 | 4 |
_aPsicopedagogía _95085 |
|
| 700 | 1 |
_aGlaser, Robert, _eed. |
|
| 905 | _aLibro | ||
| 999 |
_c1115 _d1115 |
||